Logo biblioteca
Santa Fe 2917, Rosario, Santa Fe
Lu-Vi 8 a 19.45
+54-341-4232362
bibliotecaeudoro@gmail.com
Facebook Biblioteca Pedagógica
Sitio web

Dimensión 2006 : (Registro nro. 32757)

Detalles MARC
000 -CABECERA
campo fijo de control de longitud 00813nam a22002531a 4500
001 - NÚMERO DE CONTROL
campo de control 32757
003 - IDENTIFICADOR DEL NÚMERO DE CONTROL
campo de control AR-RoBPED
005 - FECHA Y HORADE LA ULTIMA TRANSACCION
campo de control 20260514101126.0
007 -
campo fijo de control de longitud ta
008 - ELEMENTOS DE LONGITUD FIJA--INFORMACION GENERAL
campo fijo de control de longitud 260513s1985 ag a|||br|||||||1 ||spa
020 ## - ISBN
ISBN 950130065X
040 ## - FUENTE CATALOGADORA
Centro catalogador/agencia de origen AR-BaBN
Convenciones de descripción aacr
Agencia que realiza la modificación AR-RoBPED
041 ## - IDIOMA
Código de idioma para texto/pista de sonido o título independiente spa
100 1# - ENCABEZAMIENTO PRINCIPAL--AUTOR PERSONAL
Nombre de persona Pogliano, Alberto
9 (RLIN) 16898
245 10 - TITULO
Título Dimensión 2006 :
Subtítulo libro de lectura para 6º grado /
Mención de responsabilidad Alberto Pogliano ; ilustró Julio César Cotignola.
260 ## - PUBLICACION
Lugar Buenos Aires :
Editor Kapelusz,
Fecha 1985.
300 ## - DESCRIPCION FISICA
Extensión 142 p. :
Otros detalles físicos il.
650 #4 - TERMINO DE MATERIA--CONTROLADO
Término controlado ARCHIVO INFANTIL
9 (RLIN) 24464
Término controlado LIBROS DE LECTURA
9 (RLIN) 15325
Término controlado SEXTO GRADO
9 (RLIN) 1465
700 1# - ENCABEZAMIENTO SECUNDARIO--AUTOR PERSONAL
Nombre de persona Cotignola, Julio César
9 (RLIN) 24943
Función il.
942 ## - ELEMENTOS KOHA
Fuente de clasificación Universal Decimal Classification
Número Koha K. 32757
Koha tipo de ítem Libro
Clasificación 372.4
Pre signatura IA
Signatura librística P 74 di
N° inventario Inv. 42441
945 ## - PROCESAMIENTO DE LA INFORMACIÓN LOCAL
Catalogador y fecha nn 13/05/2026 - cd 14/05/2026
Existencias
Estado retirado Estado perdido Fuente de clasificación Estado dañado No se presta Biblioteca propietaria Biblioteca de reserva Fecha de adquisición Total de préstamos Signatura topográfica completa Código de barras (nº de inventario) Fecha visto por última vez Tipo de ítem Koha Nota pública
    Universal Decimal Classification   No se presta Biblioteca Pedagógica Eudoro Díaz Biblioteca Pedagógica Eudoro Díaz 12/05/2026   IA 372.4 P 74 di 42441 13/05/2026 Libro No se presta